000 00218nam a22000857a 4500
008 161108b xxu||||| |||| 00| 0 eng d
100 _91099
_aDas C
245 _aLetters from a forest School
260 _aNew Delhi
_bN B T
_c2007
999 _c3760
_d3760